<?xml version="1.0" encoding="UTF-8"?>
<record
    xmlns:xsi="http://www.w3.org/2001/XMLSchema-instance"
    xsi:schemaLocation="http://www.loc.gov/MARC21/slim http://www.loc.gov/standards/marcxml/schema/MARC21slim.xsd"
    xmlns="http://www.loc.gov/MARC21/slim">

  <leader>00990cam a22002531a 4500</leader>
  <controlfield tag="001">79385</controlfield>
  <controlfield tag="003">BD-RjUL</controlfield>
  <controlfield tag="005">20220215120211.0</controlfield>
  <controlfield tag="008">220215m13661923ir a     b    001 0 pero </controlfield>
  <datafield tag="035" ind1=" " ind2=" ">
    <subfield code="a">(BD-RjUL79385</subfield>
  </datafield>
  <datafield tag="040" ind1=" " ind2=" ">
    <subfield code="a">BD-RjUL</subfield>
    <subfield code="c">BD-RjUL</subfield>
    <subfield code="b">eng</subfield>
  </datafield>
  <datafield tag="041" ind1=" " ind2=" ">
    <subfield code="a">per</subfield>
  </datafield>
  <datafield tag="082" ind1=" " ind2=" ">
    <subfield code="2">23</subfield>
    <subfield code="a">891.55109</subfield>
    <subfield code="b">RET 1923</subfield>
  </datafield>
  <datafield tag="100" ind1=" " ind2=" ">
    <subfield code="a">&#x631;&#x636;&#x627;&#x632;&#x627;&#x62F;&#x647; &#x634;&#x641;&#x642;.;; Rezazadeh Shafak.</subfield>
    <subfield code="9">249444</subfield>
  </datafield>
  <datafield tag="245" ind1="1" ind2="0">
    <subfield code="a">&#x62A;&#x627;&#x631;&#x64A;&#x62E; &#x627;&#x62F;&#x628;&#x64A;&#x627;&#x62A; &#x627;&#x64A;&#x631;&#x627;&#x646; &#x628;&#x631;&#x627;&#x649; &#x62F;&#x628;&#x631;&#x633;&#x62A;&#x627;&#x646;&#x647;&#x627; ;; T&#x101;r&#x12B;kh-i adab&#x12B;y&#x101;t-i &#x12A;r&#x101;n bar&#x101;yi dab&#x12B;rist&#x101;nh&#x101; /</subfield>
    <subfield code="c"> &#x62A;&#x623;&#x644;&#x64A;&#x641; &#x631;&#x636;&#x627;&#x632;&#x627;&#x62F;&#x647; &#x634;&#x641;&#x642; ;; Riz&#x324;&#x101;&#x2B9;z&#x101;dah Shafaq &#x1E62;&#x101;diq</subfield>
  </datafield>
  <datafield tag="260" ind1=" " ind2=" ">
    <subfield code="a">Tihr&#x101;n :</subfield>
    <subfield code="b">&#x62F;&#x627;&#x62B;&#x62B;&#x627;&#x631;&#x627;&#x62A; &#x627;&#x645;&#x6CC;&#x631; &#x6A9;&#x628;&#x6CC;&#x631;,</subfield>
    <subfield code="c">1923</subfield>
  </datafield>
  <datafield tag="300" ind1=" " ind2=" ">
    <subfield code="a">446 p. ;</subfield>
    <subfield code="c">25 cm</subfield>
  </datafield>
  <datafield tag="490" ind1=" " ind2=" ">
    <subfield code="a">&#x62A;&#x648;&#x627;&#x646;&#x627; &#x628;&#x648;&#x62F; &#x647;&#x631;&#x6A9;&#x647; &#x62F;&#x627;&#x646;&#x647; &#x628;&#x648;&#x62F;</subfield>
  </datafield>
  <datafield tag="504" ind1=" " ind2=" ">
    <subfield code="a">Includes bibliographical references and indexes.</subfield>
  </datafield>
  <datafield tag="650" ind1=" " ind2="0">
    <subfield code="a">Persian literature</subfield>
    <subfield code="x">History and criticism.</subfield>
    <subfield code="9">249440</subfield>
  </datafield>
  <datafield tag="650" ind1=" " ind2="0">
    <subfield code="a">Pahlavi literature</subfield>
    <subfield code="x">History and criticism.</subfield>
    <subfield code="9">249441</subfield>
  </datafield>
  <datafield tag="942" ind1=" " ind2=" ">
    <subfield code="2">ddc</subfield>
    <subfield code="c">BK</subfield>
  </datafield>
  <datafield tag="999" ind1=" " ind2=" ">
    <subfield code="c">79385</subfield>
    <subfield code="d">79385</subfield>
  </datafield>
  <datafield tag="952" ind1=" " ind2=" ">
    <subfield code="0">0</subfield>
    <subfield code="1">0</subfield>
    <subfield code="2">ddc</subfield>
    <subfield code="4">0</subfield>
    <subfield code="7">1</subfield>
    <subfield code="8">NFIC</subfield>
    <subfield code="a">RUCL</subfield>
    <subfield code="b">RUCL</subfield>
    <subfield code="c">Reading</subfield>
    <subfield code="d">2022-02-15</subfield>
    <subfield code="e">sh, Mubarak</subfield>
    <subfield code="g">10.00</subfield>
    <subfield code="o">F 891.55109 RET 1923</subfield>
    <subfield code="r">2022-02-15 00:00:00</subfield>
    <subfield code="t">C-1</subfield>
    <subfield code="y">BK</subfield>
  </datafield>
</record>
